Normal view
MARC view
- Toscanini Arturo
Entry Personal Name
001 - CONTROL NUMBER
- control field: 14233
003 - CONTROL NUMBER IDENTIFIER
- control field: IT-RoPau
005 - DATE AND TIME OF LATEST TRANSACTION
- control field: 20140219223137.0
008 - FIXED-LENGTH DATA ELEMENTS
- fixed length control field: 140219|| aca||aabn | a|a d
040 ## - CATALOGING SOURCE
- Original cataloging agency: IT-RoPau
- Transcribing agency: IT-RoPau
100 ## - HEADING--PERSONAL NAME
- Personal name: Toscanini Arturo
- Miscellaneous information: Codice interprete SPICS: 24194
- Relator term: Interprete
670 ## - SOURCE DATA FOUND
- Source citation: Work cat.: (IT-RoPau)102717: Wagner Richard 952, Wagner and Toscanini